=LDR 00000nam 2200000 4500 =001 INLIS000000000023901 =005 20130612122525 =008 ***********************************Ind** =035 ##$$0010-061300000023901 =041 ##$$a Ind =082 ##$$a 2X4.3 =090 ##$$a 2X4.3, Had p =100 ##$$a Hadi, Sholichul =245 ##$$a Puaskan nafasmu dengan auratku, Sholichul Hadi =260 ##$$a 2004 $b Jakarta =300 ##$$a 78 hlm, ilus, 15 cm =650 ##$$a Auraku =850 ##$$a NBPNMAT